Negotiating skills for managers
| Main Author: | |
|---|---|
| Format: | Book |
| Published: |
New York :
McGraw-Hill ,
2002
|
| Series: | Briefcase book
|
| Subjects: |
MARC
| LEADER | 00000cam a2200000 7i4500 | ||
|---|---|---|---|
| 001 | 0000060750 | ||
| 005 | 20020912.0 | ||
| 020 | |a 0071387579 | ||
| 090 | 0 | 0 | |a 658.4052 |b COH |
| 100 | 1 | |a Cohen, Steven P | |
| 245 | 1 | 0 | |a Negotiating skills for managers |c Steven P. Cohen |
| 260 | |a New York : |b McGraw-Hill , |c 2002 | ||
| 300 | |a 200p. ; |c 21cm. | ||
| 490 | 0 | |a Briefcase book | |
| 650 | 0 | 0 | |a Negotiation in business |
| 999 | |a 143064 |b BUKU |c PINJAMAN |e PERPUSTAKAAN KOMUNITI PETALING JAYA | ||